Reproductive Health: (Record no. 208210)

MARC details
000 -LEADER
fixed length control field 00593 a2200181 4500
005 - DATE AND TIME OF LATEST TRANSACTION
control field 20250108151453.0
010 ## - LCCN (DPL NO)
LC control number ENG-143254
020 ## - INTERNATIONAL STANDARD BOOK NUMBER
International Standard Book Number 9788187393528
Terms of availability 995.00
035 ## - SYSTEM CONTROL NUMBER
System control number EN-126786
037 ## - SOURCE OF ACQUISITION
Source of stock number/acquisition DBAD
082 ## - DEWEY DECIMAL CLASSIFICATION NUMBER
Classification number 362.2
100 ## - MAIN ENTRY--PERSONAL NAME
Personal name Joshi, Lakshmi Raj
245 ## - TITLE STATEMENT
Title Reproductive Health:
Remainder of title Male Shared Responsibility/
Statement of responsibility, etc By Lakshmi Raj Joshi
260 ## - PUBLICATION, DISTRIBUTION, ETC. (IMPRINT)
Place of publication, distribution, etc New Delhi
Name of publisher, distributor, etc Adroit Publishers
Date of publication, distribution, etc 2022
270 ## - ADDRESS
Address 4675/21, Ganpati Bhawan, Ansari Road , Darya Ganj,
City New Delhi
Postal code 110002
300 ## - PHYSICAL DESCRIPTION
Extent xxiii,473p.
Dimensions 23cm(hb)
942 ## - ADDED ENTRY ELEMENTS (KOHA)
Institution code [OBSOLETE] dpl
Item type English Books
Source of classification or shelving scheme Dewey Decimal Classification
Classification part 362.2
Call number suffix JOS
Holdings
Withdrawn status Lost status Not for loan Collection code Home library Current library Date acquired Source of acquisition Cost, normal purchase price Full call number Barcode Copy number Cost, replacement price Koha item type
      Non-fiction Ashok Vihar Ashok Vihar 08/01/2025 Delivery of Books Division 995.00 362.2 JOS EN-126786 1 995.00 English Books

© Delhi Public Library
Hit Counter
free hit counter